<?xml version="1.0" encoding="UTF-8"?>
<collection xmlns="http://www.loc.gov/MARC21/slim">
    <record>
        <controlfield tag="001">30663</controlfield>
        <controlfield tag="005">20151001114328.0</controlfield>
        <datafield tag="037" ind1=" " ind2=" ">
            <subfield code="a">BOUZ-2015-006</subfield>
        </datafield>
        <datafield tag="222" ind1=" " ind2=" ">
            <subfield code="a">Boletín Oficial de la Universidad de Zaragoza</subfield>
        </datafield>
        <datafield tag="245" ind1=" " ind2=" ">
            <subfield code="a">BOUZ 02-2015 (6 febrero)</subfield>
        </datafield>
        <datafield tag="260" ind1=" " ind2=" ">
            <subfield code="a">Zaragoza</subfield>
            <subfield code="b">Secretaría General de la Universidad de Zaragoza</subfield>
            <subfield code="c">2015</subfield>
        </datafield>
        <datafield tag="300" ind1=" " ind2=" ">
            <subfield code="a">27</subfield>
        </datafield>
        <datafield tag="310" ind1=" " ind2=" ">
            <subfield code="a">Irregular</subfield>
        </datafield>
        <datafield tag="362" ind1="0" ind2=" ">
            <subfield code="a">2001-</subfield>
        </datafield>
        <datafield tag="505" ind1="0" ind2=" ">
            <subfield code="a">Corrección de errores del acuerdo 16 de enero de 2015, del Consejo de Gobierno de la Universidad, por el que por el que se aprueban las bases para la creación del Centro de Innovación y Transferencia de la Universidad de Zaragoza	35</subfield>
        </datafield>
        <datafield tag="505" ind1="0" ind2=" ">
            <subfield code="a">1.3 Consejo de Gobierno †</subfield>
        </datafield>
        <datafield tag="505" ind1="0" ind2=" ">
            <subfield code="a">Acuerdo de 3 de febrero de 2015, de la Comisión Permanente del Consejo de Gobierno, por el que se conceden premios extraordinarios fin de carrera, fin de grado y fin de máster	35</subfield>
        </datafield>
        <datafield tag="505" ind1="0" ind2=" ">
            <subfield code="a">Acuerdo de 3 de febrero de 2015, del Consejo de Gobierno de la Universidad de Zaragoza, por el que se ordena la fase previa del Plan de Ordenación Docente 2015/2016 y se aprueba la vinculación de materias y asignaturas a áreas de conocimiento de los grados implantados en la Universidad de Zaragoza	36</subfield>
        </datafield>
        <datafield tag="505" ind1="0" ind2=" ">
            <subfield code="a">Acuerdo de 3 de febrero de 2015, del Consejo de Gobierno de la Universidad de Zaragoza, por el que se establece una prueba extraordinaria para la acreditación del nivel B1 de los idiomas inglés, francés, alemán e italiano	41</subfield>
        </datafield>
        <datafield tag="505" ind1="0" ind2=" ">
            <subfield code="a">Acuerdo de 3 de febrero de 2015, del Consejo de Gobierno de la Universidad de Zaragoza, por el que se modifican memorias de verificación de estudios de Grado en el apartado correspondiente al número de plazas de nuevo ingreso ofertadas	42</subfield>
        </datafield>
        <datafield tag="505" ind1="0" ind2=" ">
            <subfield code="a">Acuerdo de 3 de febrero de 2015, del Consejo de Gobierno de la Universidad de Zaragoza, por el que se aprueban las modificaciones de las memorias de Grado en Ciencia y Tecnología de los Alimentos y del Grado en Ciencias Ambientales	43</subfield>
        </datafield>
        <datafield tag="505" ind1="0" ind2=" ">
            <subfield code="a">Acuerdo de 3 de febrero de 2015, del Consejo de Gobierno de la Universidad de Zaragoza, por el que se aprueba la nueva oferta de estudios propios para el curso 2014-2015	43</subfield>
        </datafield>
        <datafield tag="505" ind1="0" ind2=" ">
            <subfield code="a">Acuerdo de 3 de febrero de 2015, de Consejo de Gobierno de la Universidad de Zaragoza, por el que se establece la oferta de plazas de estudiantes de nuevo ingreso en grados para el curso 2015-2016	44</subfield>
        </datafield>
        <datafield tag="505" ind1="0" ind2=" ">
            <subfield code="a">Acuerdo de 3 de febrero de 2015, de Consejo de Gobierno de la Universidad de Zaragoza, por el que se establece la oferta de plazas para cambio de estudios a grado correspondiente al curso 2015-2016	47</subfield>
        </datafield>
        <datafield tag="505" ind1="0" ind2=" ">
            <subfield code="a">1.5 Secretario General</subfield>
        </datafield>
        <datafield tag="505" ind1="0" ind2=" ">
            <subfield code="a">Resolución de 27 de enero de 2015, del Secretario General de la Universidad de Zaragoza, por la que se ordena la publicación de la modificación de la composición de la Comisión de garantía de la calidad del Máster Universitario en Profesorado de Educación Secundaria Obligatoria, Formación Profesional y Enseñanza de Idiomas, Artísticas y Deportivas	50</subfield>
        </datafield>
        <datafield tag="505" ind1="0" ind2=" ">
            <subfield code="a">Resolución de 2 de febrero de 2015, del Secretario General de la Universidad de Zaragoza, por la que se ordena publicar la composición de la comisión conjunta para la garantía de la calidad del Grado en Enfermería	50</subfield>
        </datafield>
        <datafield tag="505" ind1="0" ind2=" ">
            <subfield code="a">IV. Otras informaciones de interés</subfield>
        </datafield>
        <datafield tag="505" ind1="0" ind2=" ">
            <subfield code="a">Resolución de 2 de febrero de 2015, del vicerrector de Política Académica de la Universidad de Zaragoza por la que se convocan los premios extraordinarios en Estudios Oficiales correspondientes al curso  2013-2014</subfield>
        </datafield>
        <datafield tag="505" ind1="0" ind2=" ">
            <subfield code="a">Nombramientos	54</subfield>
        </datafield>
        <datafield tag="505" ind1="0" ind2=" ">
            <subfield code="a">Información de lo publicado en otros boletines	54</subfield>
        </datafield>
        <datafield tag="505" ind1="0" ind2=" ">
            <subfield code="a">Disposiciones publicadas en el Boletín Oficial del Estado (BOE) desde el 17 de enero de 2015	54</subfield>
        </datafield>
        <datafield tag="505" ind1="0" ind2=" ">
            <subfield code="a">Disposiciones publicadas en el Boletín Oficial de Aragón (BOA) desde el 20 de enero de 2015	55</subfield>
        </datafield>
        <datafield tag="540" ind1=" " ind2=" ">
            <subfield code="a">Todos los derechos reservados</subfield>
            <subfield code="u">http://www.europeana.eu/rights/rr-f/</subfield>
        </datafield>
        <datafield tag="856" ind1="0" ind2=" ">
            <subfield code="f">pescrich@unizar.es</subfield>
        </datafield>
        <datafield tag="856" ind1="4" ind2=" ">
            <subfield code="s">1012875</subfield>
            <subfield code="u">http://zaguan.unizar.es/record/30663/files/BOUZ-2015-006.pdf</subfield>
            <subfield code="y">BOUZ 02-2015 (6 febrero)</subfield>
        </datafield>
        <datafield tag="856" ind1="4" ind2=" ">
            <subfield code="s">362887</subfield>
            <subfield code="u">http://zaguan.unizar.es/record/30663/files/BOUZ-2015-006.jpg?subformat=icon</subfield>
            <subfield code="x">icon</subfield>
            <subfield code="y">BOUZ 02-2015 (6 febrero)</subfield>
        </datafield>
        <datafield tag="902" ind1=" " ind2=" ">
            <subfield code="a">2015-02-001</subfield>
        </datafield>
        <datafield tag="980" ind1=" " ind2=" ">
            <subfield code="a">BOUZ</subfield>
        </datafield>
    </record>

    
</collection>